Catálogo

LIDERES ESTRATEGIAS PARA UN LIDERAZGO EFICAZ (Registro nro. 32452)

Detalles MARC
000 -LEADER
fixed length control field 00900nam a2200193 a 4500
001 - CONTROL NUMBER
control field 32452
005 - DATE AND TIME OF LATEST TRANSACTION
control field 20180714000046.0
008 - FIXED-LENGTH DATA ELEMENTS--GENERAL INFORMATION
fixed length control field 140415s2008 sp 000 0 spa d
020 ## - INTERNATIONAL STANDARD BOOK NUMBER
International Standard Book Number 9788449321351
041 ## - LANGUAGE CODE
Language code of text/sound track or separate title spa
082 ## - DEWEY DECIMAL CLASSIFICATION NUMBER
Classification number 658
Item number BEN
100 1# - MAIN ENTRY--PERSONAL NAME
Personal name BENNIS, WARREN
245 10 - TITLE STATEMENT
Title LIDERES ESTRATEGIAS PARA UN LIDERAZGO EFICAZ
250 ## - EDITION STATEMENT
Edition statement 1a ed.
260 ## - PUBLICATION, DISTRIBUTION, ETC.
Place of publication, distribution, etc. ESPAÑA :
Name of publisher, distributor, etc. PAIDOS,
Date of publication, distribution, etc. 2008
300 ## - PHYSICAL DESCRIPTION
Extent 251
Dimensions 12 x 2 x 19
520 ## - SUMMARY, ETC.
Summary, etc. WARREN, BENNIS ESTA CONSIDERADO COMO UNO DE LOS PIONEROS Y MAYORES EXPERTOS EN EL ESTUDIO ACADEMICO DEL LIDERAZGO. CATEDRATICO DE LA UNIVERSIDAD, PROFESOR DE ADMINISTRACION DE EMPRESAS Y PRESIDENTE FUNDADOR DEL LEARDESHIP INSTITUTE EN LA UNIVERSIDAD DE SOUTHERN CALIFORNIA, BENNIS HA SIDO CONSEJERO ASESOR DE CUATRO PRESIDENTES DE LOS ESTADOS UNIDOS Y CONSULTOR EN VARIAS EMPRESAS MULTINACIONALES.
700 1# - ADDED ENTRY--PERSONAL NAME
Personal name GALMARINI, MARCO AURELIO
Relator term tr.
Existencias
Withdrawn status Lost status Source of classification or shelving scheme Damaged status Not for loan Collection code Home library Current library Shelving location Date acquired Source of acquisition Total Checkouts Full call number Barcode Date last seen Price effective from Koha item type
    Dewey Decimal Classification     General Tehuacán Tehuacán Sala general 03/12/2013 Compra   658 BEN 507385 08/01/2025 03/12/2013 Libro